01273cam a22002651 4500001000400000003000800004005001700012008003900029035001700068040002800085041000800113082002400121245005400145260004000199300003100239500013000270505025700400650005600657650004800713650004500761710003500806942001200841999001300853952014100866835BD-RjUL20211208233233.0131123s1965 dcua 100 0 eng a(BD-RjUL)857 aDLCcDLCd(BD-RjULbeng aeng00a029.7221bLIB 196510aLibrary planning for automation /cEd. Allen,Kent aWashington:bSpartan Books,c[1965] aix, 195 p.billus,c24 cm. a"Based on the proceedings of a conference held at the University of Pittsburgh, June 2-3, 1964." Includes the working papers.2 aA proposed national science library system, by S. L. Warren.--Microphotography of source documents for the proposed national science library system, by S. B. Freedman.--The influence of automation on the design of a university library, by A. D. Osborn. 0aScientific librariesxAutomationxCongresses.92481 0aPeriodicals on microfilmxCongresses.92482 0aLibrariesxAutomationxCongresses.914552 aUniversity of Pittsburgh.9714 2ddccBK c835d835 00102ddc40718NFICaRUCLbRUCLcReadingd1968-03-21eParagon Ent.g39.37l0o029.7 LIB 1965r2013-11-23 00:00:00tC-1w2021-12-08yBK